| 000 | 00889nam a22002417a 4500 | ||
|---|---|---|---|
| 999 |
_c10790 _d10790 |
||
| 003 | AR-CdUCM | ||
| 008 | 190402b ||||| |||| 00| 0 spa d | ||
| 020 | _a9972-745-37-6 | ||
| 040 |
_aMUNICIPALIDAD PROVINCIAL DEL CUSCO _cBIBLIOTECA MUNICIPAL DEL CUSCO |
||
| 082 |
_aES / 373.300 / _bR74 |
||
| 100 |
_aRodriguez Quispe, David _927815 |
||
| 245 |
_aProtagonistas 2 : _bCiencias sociales para secundaria / |
||
| 260 |
_aPerú : _bGrupo editorial Norma, _c1999. |
||
| 300 |
_a295 paginas _c28 cm. |
||
| 440 |
_aSerie protagonistas. _927816 |
||
| 505 | _aContenido :Adolescencia -- El liderazgo juvenil -- Conflictos y violencia -- La ciudadanía -- El tahuantinsuyo ... | ||
| 650 |
_aHistoria del Perú _9259 |
||
| 650 |
_aEducación secundaria _94648 |
||
| 700 |
_aPrado Prado, Ana María _927817 |
||
| 700 |
_aZelaya Artega, Martín _927818 |
||
| 942 |
_2ddc _cLIBROS |
||
| 945 | _arum | ||